Dissertation Skills for Business and Management Students (Record no. 1044)

MARC details
005 - DATE AND TIME OF LATEST TRANSACTION
control field 20250403080515.0
020 ## - INTERNATIONAL STANDARD BOOK NUMBER
International Standard Book Number 978-1-4080-8177-8
082 ## - DEWEY DECIMAL CLASSIFICATION NUMBER
Classification number 808.066 WHI
100 ## - MAIN ENTRY--PERSONAL NAME
Author name WHITE, B.
245 ## - TITLE STATEMENT
Title Dissertation Skills for Business and Management Students
250 ## - EDITION STATEMENT
Edition statement 2nd Ed.
260 ## - PUBLICATION, DISTRIBUTION, ETC.
Place of publication, distribution, etc. Australia,
Name of publisher, distributor, etc. Cengage Learning
Date of publication, distribution, etc. 2014
300 ## - PHYSICAL DESCRIPTION
Extent vii, 224p., ill., figure, table.
Other physical details Index, bibliography, glossary.
Dimensions 21cm.
700 ## - ADDED ENTRY--PERSONAL NAME
Other authors/Editors RAYNER, S.
856 ## - ELECTRONIC LOCATION AND ACCESS
Link text Access Online Book
Electronic name Dissertation Skills for Business and Management Students
Path www.cengagebrain.com
942 ## - ADDED ENTRY ELEMENTS (KOHA)
Source of classification or shelving scheme Dewey Decimal Classification
Koha item type Books
Holdings
Date last seen Total checkouts Full call number Barcode Cost, replacement price Price effective from Koha item type Lost status Source of classification or shelving scheme Damaged status Not for loan Withdrawn status Home library Current library Shelving location Date acquired Cost, normal purchase price
04/02/2025   808.066 WHI 0000004005 120000.00 04/02/2025 Books   Dewey Decimal Classification       College of Business Education Main Library College of Business Education Main Library General Collection 04/02/2025 40000.00
04/02/2025   808.066 WHI 0000004006 120000.00 04/02/2025 Books   Dewey Decimal Classification       College of Business Education Main Library College of Business Education Main Library General Collection 04/02/2025 40000.00
04/02/2025   808.066 WHI 0000004007 120000.00 04/02/2025 Books   Dewey Decimal Classification       College of Business Education Main Library College of Business Education Main Library General Collection 04/02/2025 40000.00